| 000 | 00488nam a22001697a 4500 | ||
|---|---|---|---|
| 003 | OSt | ||
| 005 | 20120302145619.0 | ||
| 008 | 090514t xxu||||| |||| 00| 0 eng d | ||
| 035 | _a४५६४ | ||
| 040 | _cमराठी | ||
| 245 | _aस्मृतिसुगंधा | ||
| 250 | _a१ ली | ||
| 260 |
_aपुणे _bवरदा _c१९८८ |
||
| 300 | _b२८८ पाने | ||
| 700 |
_aअदवंत, म. ना. -संपा. _95069 |
||
| 942 |
_2ddc _cBOOK |
||
| 999 |
_c490185 _d490182 |
||